000 00686nam a22001575i 4500
001 153206
003 ES-MaACL
005 20230906205054.0
008 990430s1870 sp |||| | spa d
040 _aCYL
_bspa
_cCYL
245 0 0 _aComisión de la flora forestal española
_b: resumen de los trabajos verificados porla misma durante los años de 1867 y 1868.
260 _aMadrid :
_b[s.n.],
_c1870 (
_fImprenta del Colegio Nacional de Sordo-Mudos y de Ciegos)
300 _a137 p., [6] h. de lám. ;
_c31 cm.
650 4 _aFlora forestal-
_zEspaña.
_9136130
852 _aES-MaACL
_jT-202-F-6
_z-- Enc. hol. muy deteriorada
_q-- Falto de la cub. original
_z-- Enc. en un vol. facticio
999 _c153206
_d153206